书目信息 |
| 题名: |
中国传统儿歌选
|
|
| 作者: | 蒋风 编 | |
| 分册: | ||
| 出版信息: | 南宁 广西人民出版社 1983.9 |
|
| 页数: | 295页 | |
| 开本: | 20cm | |
| 丛书名: | ||
| 单 册: | ||
| 中图分类: | I286.2 | |
| 科图分类: | ||
| 主题词: | 儿童文学--中国 , 儿童文学--中国--丛书 | |
| 电子资源: | ||
| ISBN: | ||
| 000 | 00560nam0 2200205 45 | |
| 001 | 0312221749 | |
| 005 | 20050414093049.5 | |
| 010 | @dCNY1.15 | |
| 100 | @a20031222d1983 km y0chiy0120 ea | |
| 101 | @achi | |
| 105 | @a z 000yy | |
| 200 | 1 | @a中国传统儿歌选@AZhong Guo Chuan Tong Er Ge Xuan@f蒋风编@FJiang Feng Bian |
| 210 | @a南宁@c广西人民出版社@d1983.9 | |
| 215 | @a295页@d20cm | |
| 606 | 0 | @a儿童文学@x中国 |
| 606 | 0 | @a儿童文学@x中国@x丛书 |
| 690 | @aI286.2@v3 | |
| 701 | 0 | @a蒋风@4编 |
| 801 | @aCN@bTSTCL@c20031222 | |
| 905 | @dI286.2@e45@b176258@f1 | |
| 中国传统儿歌选/蒋风编.-南宁:广西人民出版社,1983.9 |
| 295页;20cm |
| ISBN :CNY1.15 |
| ● |
| 相关链接 |
|
|
|
|
正题名:中国传统儿歌选
索取号:I286.2/45
 
预约/预借
| 序号 | 登录号 | 条形码 | 馆藏地/架位号 | 状态 | 备注 |
| 1 | 0176258 | 001994079 | 第二借阅区/ [索取号:I286.2/45] | 在馆 | |
| 2 | 0176259 | 001651377 | 第一样本阅览室/ [索取号:I286.2/45] | 在馆 |